Normal view
MARC view
Entry Geographic Name
001 - CONTROL NUMBER
- control field: 44423
003 - CONTROL NUMBER IDENTIFIER
- control field: ARRUPE
005 - DATE AND TIME OF LATEST TRANSACTION
- control field: 20190206105818.0
008 - FIXED-LENGTH DATA ELEMENTS
- fixed length control field: 190206|| aca||aabn | a|a d
040 ## - CATALOGING SOURCE
- Original cataloging agency: ARRUPE
- Transcribing agency: ARRUPE
151 ## - HEADING--GEOGRAPHIC NAME
- Geographic name: Tibet Autonomous Region (China)
- General subdivision: History
- Form subdivision: Sources.
670 ## - SOURCE DATA FOUND
- Source citation: Work cat.: (ARRUPE)0: Zhang, Yuxin. 44420, Testimony of history /, 2002 .